[Event "XC URU-ch Final 2019"]
[Site "Montevideo"]
[Date "2019.03.23"]
[Round "8.5"]
[White "Muniz, Rafael"]
[Black "Sosa Macho, Juan Manuel"]
[Result "1-0"]
[WhiteElo "2272"]
[BlackElo "2072"]
[Annotator "TA"]
[PlyCount "32"]
[EventDate "2019.03.16"]
[EventType "tourn"]
[EventCountry "URU"]
[SourceTitle "playchess.com"]
[Source "ChessBase"]
[SourceQuality "1"]

{[%evp 1,1,38]} 1. e4 {Predecessor:} e5 $146 2. Nf3 Nf6 3. Nxe5 d6 4. Nf3 Nxe4 5. Nc3 Nxc3 6. dxc3 Be7 7. Be3 Nc6 8. Qd2 Be6 9. O-O-O Qd7 10. a3 a6 11. h4 Bf6 12. Ng5 O-O-O 13. Nxe6 fxe6 14. g3 d5 15. Bh3 Kb8 16. Rhe1 Rhe8 {0-1 (35) Vachier Lagrave,M (2780)-Duda,J (2738) chess.com INT 2019} 1-0

[Event "XC URU-ch Final 2019"]
[Site "Montevideo"]
[Date "2019.03.24"]
[Round "9.1"]
[White "Lopez Azambuja, Nicolas"]
[Black "Muniz, Rafael"]
[Result "1-0"]
[WhiteElo "2335"]
[BlackElo "2272"]
[Annotator "TA"]
[PlyCount "79"]
[EventDate "2019.03.16"]
[EventType "tourn"]
[EventCountry "URU"]
[SourceTitle "playchess.com"]
[Source "ChessBase"]
[SourceQuality "1"]

{[%evp 10,79,59,48,49,54,75,50,66,58,60,61,66,66,75,72,62,62,59,66,71,68,72,60,90,56,107,68,119,105,108,105,108,86,68,65,59,59,110,100,111,77,67,71,102,100,234,236,339,326,317,324,308,296,248,213,189,177,370,231,288,273,910,824,757,469,1279,1275,1156,996,29982,29978]} 1. d4 Nf6 2. c4 e6 3. Nf3 c5 4. d5 exd5 5. cxd5 d6 {[#]} 6. e4 $1 {[%mdl 512]} g6 {E10: Blumenfeld Gambit} (6... Nxe4 7. Qa4+) 7. Bd3 a6 8. a4 Bg7 {White is slightly better.} 9. h3 O-O 10. O-O Re8 11. Re1 Nbd7 12. Nbd2 Rb8 13. a5 b5 14. axb6 $1 Nxb6 15. Ra3 (15. Bxa6 Ra8 $17) (15. Ra2 Ra8 {½-½ (53) Giri,A (2690)-Gashimov,V (2746) Monte Carlo 2011}) 15... a5 {[#]} 16. b3 $146 Ra8 17. Qc2 Nfd7 (17... Bd7 $14) 18. Bb2 Ne5 (18... Ba6 $14 19. Bxg7 Kxg7) 19. Nxe5 $16 Bxe5 20. Bxe5 Rxe5 21. Nf3 Re7 22. Qc3 Rea7 23. Rea1 Nd7 (23... a4 $14) 24. Nd2 $36 {[%mdl 2048] White is on the roll.} Ne5 25. f4 Nxd3 26. Qxd3 Ba6 27. Qf3 Qf6 (27... Bb5 $16) 28. e5 $1 $18 {[%cal Re5f6]} Qf5 (28... dxe5 $142 29. Ne4 Qb6) 29. Ne4 (29. Rxa5 Be2 $11) (29. exd6 Bb7 $14) 29... dxe5 {[#]} 30. g4 $1 {[%cal Rg4f5]} ({And not} 30. Nxc5 exf4 31. Nxa6 Rxa6 $11) (30. Rxa5 $2 {[#]} Be2 $1 $19 {[%mdl 512]}) 30... Qc8 31. fxe5 c4 32. bxc4 ({Don't do} 32. Rxa5 $6 cxb3 33. Qxb3 Bc4) 32... Qxc4 33. Rd1 ({Stronger than} 33. Rxa5 Qd4+ 34. Nf2 Qxe5 $11) 33... Re7 $2 (33... Qe2 {was necessary.}) 34. Rc3 Qa4 35. Nc5 Qb4 $2 (35... Qe8) 36. d6 Ree8 37. d7 Red8 (37... Be2 $142 38. dxe8=Q+ Rxe8 39. Qxe2 Qxc3) 38. Nxa6 Rxa6 39. Rc8 Qe7 40. Qb7 {Accuracy: White = 83%, Black = 41%.} 1-0

[Event "XC URU-ch Final 2019"]
[Site "Montevideo"]
[Date "2019.03.24"]
[Round "9.2"]
[White "Rodriguez Vila, Andres"]
[Black "Coppola, Claudio"]
[Result "1-0"]
[WhiteElo "2495"]
[BlackElo "2225"]
[Annotator "TA"]
[PlyCount "67"]
[EventDate "2019.03.16"]
[EventType "tourn"]
[EventCountry "URU"]
[SourceTitle "playchess.com"]
[Source "ChessBase"]
[SourceQuality "1"]

{[%evp 9,67,39,32,35,46,45,56,70,69,67,58,44,57,41,53,22,109,114,101,71,149,140,122,117,197,204,182,152,191,191,197,194,206,203,211,208,204,197,195,186,214,208,203,207,254,241,241,256,260,246,347,347,396,395,378,378,513,508,503,503]} 1. e4 c5 2. Nc3 Nc6 3. Nge2 e5 4. Nd5 Nge7 5. Nec3 Nxd5 6. Nxd5 {B23: Closed Sicilian: Lines without g3} Ne7 7. Bc4 Nxd5 8. Bxd5 {White is slightly better.} g6 9. Qf3 $146 {[%csl Gd5][%cal Rf3f7] [#]} ({Predecessor:} 9. h4 h5 10. Qf3 Qe7 11. d4 Bg7 12. dxc5 O-O 13. g4 Qf6 14. Qxf6 Bxf6 15. gxh5 gxh5 16. Bh6 Rd8 17. O-O-O {1-0 (17) Delchev,A (2661)-Simon,O (2330) Thorigny 2006}) 9... Qe7 $1 10. b4 $40 {[%mdl 128] White has some attack.} cxb4 11. Rb1 a5 12. a3 Ra6 ({Much worse is} 12... bxa3 $6 {[#]} 13. Bxa3 $1 {[%mdl 512]} d6 14. O-O $16) (12... d6 $11) 13. axb4 $16 axb4 14. O-O Qf6 ({Black should play} 14... Bh6) 15. Qxf6 Rxf6 16. Bb2 Ra6 (16... Bd6 $16 17. d4 Be7 18. dxe5 Ra6) 17. Bxe5 $18 f6 18. Bf4 Be7 19. Bh6 Kd8 20. Bg7 Re8 21. Bf7 Bc5 22. Bxe8 Kxe8 23. e5 f5 24. Rfd1 Kf7 25. d4 Be7 26. Bf6 {Bxe7 is the strong threat.} Bxf6 27. exf6 {[%mdl 4096] Endgame KRR-KRB} Rc6 28. Rxb4 Rxc2 29. Rbb1 d5 (29... d6 $142 30. Rdc1 Rxc1+ 31. Rxc1 Be6 32. Rc7+ Kxf6 33. Rxb7 Bf7) 30. Rdc1 Rc4 31. Rxc4 dxc4 32. Rb4 Be6 33. Rxb7+ Kxf6 34. Rxh7 {Accuracy: White = 76%, Black = 40%.} 1-0

[Event "XC URU-ch Final 2019"]
[Site "Montevideo"]
[Date "2019.03.24"]
[Round "9.3"]
[White "Curi, Gabriel"]
[Black "Hoffman, Alejandro"]
[Result "0-1"]
[WhiteElo "2192"]
[BlackElo "2454"]
[Annotator "TA"]
[PlyCount "104"]
[EventDate "2019.03.16"]
[EventType "tourn"]
[EventCountry "URU"]
[SourceTitle "playchess.com"]
[Source "ChessBase"]
[SourceQuality "1"]

{[%evp 19,104,11,23,16,11,16,22,19,7,17,10,13,45,23,44,33,20,0,18,0,0,-14,0,0,0,-84,-27,-68,-40,-50,-30,-72,-63,-64,0,-77,-72,-81,-82,-164,-80,-121,-127,-122,-126,-114,-119,-113,-120,-119,-125,-123,-106,-124,-120,-121,-106,-144,-112,-153,-153,-157,-155,-151,-158,-155,-153,-194,-201,-186,-143,-145,-153,-349,-312,-345,-320,-534,-526,-497,-359,-883,-882,-1242,-1200,-880,-870]} 1. e4 d6 2. d4 Nf6 3. Nc3 Nbd7 4. g3 e5 5. Nge2 g6 6. Bg2 Bg7 7. O-O O-O 8. h3 exd4 9. Nxd4 Re8 10. Re1 c6 11. Bf4 {B07: Pirc Defence: Miscellaneous Systems} Ne5 12. Qe2 Qb6 13. Nb3 {The position is equal.} Be6 14. Be3 Qc7 15. Nd4 Bc4 16. Qd2 c5 $146 ({Predecessor:} 16... Ba6 17. b3 Rad8 18. Rad1 b5 {½-½ (40) Dzevlan,M (2453)-Andreasson,I (2374) Sweden 1999}) 17. Nde2 Be6 18. Nf4 Nc4 19. Nxe6 Rxe6 20. Qc1 Rae8 {[%cal Rf6e4]} 21. Bg5 Qa5 22. Bd2 (22. Bf1 $11 Nxe4 23. Nxe4 Rxe4 24. Rxe4 Rxe4 25. c3) 22... Nd7 (22... b5 $1 $17 {[%cal Rb5b4] Threatens to win with ...b4.} 23. a3 Nd7) 23. Nb1 Nxd2 (23... Qd8 {with more complications.} 24. Nc3 Bd4 25. Nd1 d5 26. c3 Bg7) 24. Nxd2 {[#]} d5 $1 {[%mdl 512]} 25. c3 (25. exd5 Rxe1+) 25... Nf6 $36 {[%mdl 2048] Black is more active.} 26. Qc2 Nh5 (26... Qc7 $15) 27. Kh2 (27. Rf1 $11 {keeps the balance.}) 27... Qc7 28. Qd3 Bh6 {Hoping for ...dxe4.} 29. Rad1 (29. e5 $17) 29... Nf6 (29... dxe4 $1 $19 {is more deadly.} 30. Rxe4 Rd8) 30. f4 {Black should prevent e5.} dxe4 31. Nxe4 Nxe4 32. Rxe4 Rxe4 33. Bxe4 {[#]} Bxf4 $1 {[%mdl 512]} 34. Bg2 (34. gxf4 Qxf4+) 34... Be5 35. Bd5 Kg7 36. Rf1 f6 37. Kg2 Rd8 38. Qf3 b5 39. b3 Qa5 40. c4 bxc4 41. Bxc4 Qxa2+ 42. Rf2 Qa1 43. Qe2 a5 {[%cal Ba7a5,Ba5a4][%mdl 32]} 44. Rf1 Qc3 45. Rf3 Qc1 46. Rf1 $2 (46. Rd3 $17 Rd4 47. h4) 46... Qg5 $19 47. Qf3 Rd4 48. Re1 $2 {[#]} (48. Be2 {keeps fighting.}) 48... a4 $1 49. h4 (49. bxa4 Rxc4) 49... Qf5 (49... Rxh4 50. Rxe5 $1 {[%mdl 512]} fxe5 51. Qf7+ Kh6 52. Qf8+ Kh5 53. Be2+ Rg4 54. Qf7 $11) 50. Qa8 $2 (50. Qxf5 gxf5 51. Re2) 50... Rd2+ {Black is clearly winning.} (50... axb3 51. Qg8+ Kh6 52. Qf8+ Kh5 53. Be2+ Rg4 54. Kh3 $18 {[%mdl 64] Pin}) 51. Re2 Rxe2+ 52. Bxe2 {[#]} Qc2 $1 {[%mdl 64] Double Attack. Accuracy: White = 35%, Black = 67%.} 0-1

[Event "XC URU-ch Final 2019"]
[Site "Montevideo"]
[Date "2019.03.24"]
[Round "9.4"]
[White "Roselli Mailhe, Bernardo"]
[Black "Granara Barreto, Sebastian"]
[Result "1-0"]
[WhiteElo "2445"]
[BlackElo "2115"]
[Annotator "TA"]
[PlyCount "109"]
[EventDate "2019.03.16"]
[EventType "tourn"]
[EventCountry "URU"]
[SourceTitle "playchess.com"]
[Source "ChessBase"]
[SourceQuality "1"]

{[%evp 18,109,16,14,16,14,36,37,37,37,46,33,33,32,51,45,91,95,100,16,43,43,53,-18,11,-16,43,37,39,36,41,28,70,58,70,53,58,59,79,79,82,71,72,66,122,126,133,92,79,0,138,146,158,144,151,132,206,209,204,186,201,191,182,153,153,135,154,145,153,156,165,165,177,178,191,202,206,202,195,203,359,359,334,318,629,629,573,571,681,681,674,674,712,687]} 1. d4 d5 2. Bf4 Nf6 3. e3 c5 4. Nc3 (4. c3 Nc6 5. Nd2 Qb6 6. Qb3 Nh5 7. Qxb6 axb6 8. Bc7 cxd4 9. exd4 e5 10. Bxe5 Nxe5 11. dxe5 Bc5 12. g3 O-O {1-0 (76) Aronian,L (2765)-Caruana,F (2832) London 2018}) 4... a6 5. dxc5 Nc6 6. Nf3 {D00: 1 d4 d5: Unusual lines} e6 7. Na4 Bxc5 8. Nxc5 Qa5+ 9. c3 Qxc5 10. Bd3 {LiveBook: 8 Games} Qe7 {Strongly threatening ...e5.} 11. Ne5 Nxe5 12. Bxe5 O-O 13. O-O Nd7 $146 14. Bg3 (14. Qh5 $2 g6 $19) 14... Nc5 15. Bc2 b5 16. b4 Nd7 17. a4 bxa4 {[#]} 18. Rxa4 (18. c4 $1 $16) 18... Nb6 19. Ra5 (19. Qd3 {seems wilder.} f5 20. Ra2 Bb7 21. Bb3 Rfd8 22. Ra5) 19... Bb7 20. e4 (20. Qb1 $14) 20... Rfd8 21. exd5 Rxd5 (21... Nxd5 $11 22. Qd3 f5) 22. Rxd5 $14 Nxd5 23. Qd2 Rc8 24. Be5 $40 {[%mdl 128] White is up to no good.} Nb6 {[%cal Bd5b6,Bb6c4,Bc4d2][%mdl 32]} 25. Bd4 Nc4 26. Qd3 g6 $1 27. f3 Qg5 28. Qe2 Qd2 29. Qxd2 Nxd2 30. Ra1 Nc4 ({Better is} 30... Bxf3 $1 $14 31. Rxa6 Be4) 31. Bd3 $16 Nd6 32. Be5 (32. Bxa6 $6 Ra8 $11) 32... Nc4 33. Bd4 (33. Bf6 $142) 33... Nd6 $1 34. Bc5 (34. Bxa6 $6 Ra8 $11) 34... Nb5 35. c4 Nc7 36. Kf2 f5 (36... e5 $16 {was necessary.} 37. Bf1 Ne8) 37. Ke3 $18 Kf7 38. Bd6 Ne8 39. Be5 Nf6 40. Ra5 Nd7 41. Bd4 Ra8 42. Bf1 Ke7 43. h4 Nb8 44. Bc3 Nc6 45. Ra1 Nb8 46. Kf4 h6 47. Bg7 Nc6 48. b5 ({Don't do} 48. Bxh6 $6 Nxb4 49. Bg7 Kf7 $16) 48... axb5 $2 {[#]} (48... Nd8 49. Bxh6 e5+ 50. Kg3 (50. Kxe5 Nf7+ 51. Kf4 Nxh6 $18) 50... Nf7) 49. Rxa8 (49. cxb5 e5+ 50. Bxe5 g5+ 51. hxg5 hxg5+ 52. Kxf5 Rf8+ 53. Ke4 (53. Kxg5 Nxe5 54. Ra7 Nf7+ 55. Kf4 Kd6 $15) 53... Nb4+ 54. Kd4 Nc2+ 55. Kc5 Rc8+ 56. Kb6 Nxa1 $16) 49... Bxa8 50. cxb5 {KBB-KBN} Nb4 $2 (50... Nd8 51. b6 (51. Bxh6 e5+ 52. Ke3 Ne6 $18) 51... Bc6 52. Bxh6 e5+ 53. Ke3 Ne6) 51. Bxh6 {White is clearly winning.} Nd5+ 52. Ke5 Kd7 53. Bg5 Bb7 54. Bc4 Ba8 55. g4 {Precision: White = 56%, Black = 40%.} 1-0